| 000 | 00685nam a22001217a 4500 | ||
|---|---|---|---|
| 008 | 110610t xxu||||| |||| 00| 0 eng d | ||
| 010 | _aSCCAF22 | ||
| 245 | _aSupreme Court Criminal Appeal No. 23 OF 2000 Kitema John Vs Uganda | ||
| 260 | _c2000 | ||
| 500 | _aCoram: Tsekooko, Karokora, Mulenga, Kanyeihamba and Mukasa-Kikonyogo, J.J.S.C | ||
| 500 | _aAppeal from the judgement of the Court of Appeal Manyindo, D.C.J Twinomugisha and Kitumba J.J.A dated 5th June, 2000 and arising from the judgement of the high Court at Mbarara Mukanza, J in Criminal Session case No. 23/99, dated 9.8.96 | ||
| 999 |
_c2546 _d2546 |
||